Statistiques concernant Pays et capitales d'Asie

Cliquez ici pour prendre le quiz!

Statistiques générales

  • Ce quiz a été pris 518 fois
  • Le résultat moyen est 72 sur 96

Réponses sur la Carte

Les réponses sont colorées sur une échelle allant du rouge au vert en fonction du pourcentage des utilisateurs qui les ont devinées à leur premier essai. Vous pouvez retrouver ces pourcentages ci-dessous.
 

Statistiques - réponses

Pays / capitales% Correct
Chine
92%
Pékin
92%
Turquie
92%
Corée du Nord
90%
Corée du Sud
90%
Inde
90%
Tokyo
90%
Ankara
89%
Arabie Saoudite
89%
Japon
89%
Séoul
89%
Israël
88%
New Delhi
88%
Émirats arabes unis
87%
Mongolie
86%
Afghanistan
85%
Indonésie
85%
Irak
85%
Iran
85%
Liban
85%
Singapour
85%
Singapour
85%
Thaïlande
85%
Viêt Nam
85%
Yémen
85%
Jérusalem
84%
Jordanie
84%
Laos
84%
Pakistan
84%
Syrie
84%
Géorgie
83%
Kazakhstan
83%
Népal
83%
Oman
83%
Philippines
83%
Sri Lanka
83%
Azerbaïdjan
82%
Bhoutan
82%
Cambodge
82%
Koweït
82%
Koweït
82%
Malaisie
82%
Taïwan
82%
Arménie
81%
Turkménistan
81%
Bangladesh
80%
Ouzbékistan
80%
Pyongyang
79%
Qatar
79%
Birmanie
78%
Bangkok
77%
Beyrouth
77%
Chypre
77%
Jakarta
77%
Maldives
77%
Doha
76%
Kirghizistan
76%
Tadjikistan
76%
Abou Dabi
75%
Oulan-Bator
75%
Téhéran
75%
Damas
74%
Riyad
74%
Bagdad
73%
Nicosie
73%
Hanoï
72%
Manille
72%
Bahreïn
71%
Kaboul
71%
Brunei
69%
Kuala Lumpur
69%
Timor oriental
69%
Islamabad
68%
Bakou
66%
Taipei
66%
Tbilissi
66%
Erevan
65%
Katmandou
64%
Astana
63%
Dacca
63%
Amman
62%
Phnom Penh
62%
Sanaa
62%
Vientiane
56%
Malé
55%
Mascate
53%
Bichkek
51%
Tachkent
50%
Achgabat
48%
Manama
48%
Dili
47%
Thimphou
44%
Bandar Seri Begawan
42%
Douchanbé
41%
Naypyidaw
41%
Sri Jayawardenapura Kotte
32%

Distribution des résultats

Percentile par nombre de réponses

% des personnes avec chaque résultat

Votre développement - résultats

Vous n’avez pas pris ce quiz